| 000 | 00000nam##2200000za#4500 |
| 001 | 9.693713 |
| 003 | CaOODSP |
| 005 | 20210624233806 |
| 007 | cr ||||||||||| |
| 008 | 150407|2001||||xxc|||||o f|0| 0 eng|d |
| 040 | |aCaOODSP|beng |
| 043 | |an-cn--- |
| 086 | 1 |aE2-212/2001E-PDF |
| 110 | 1 |aCanada.|bForeign Affairs and International Trade. |bTrade, Economic and Environmental Policy. |
| 245 | 10|aAgenda 2003 : |h[electronic resource]|ba sustainable development strategy for the Department of Foreign Affairs and International Trade |
| 260 | |aOttawa - Ontario : |bForeign Affairs and International Trade. |c2001. |
| 300 | |a44, 32p.|billus., references |
| 500 | |aThe catalogue number (E2-212/2001) and ISBN (0-662-65458-7) for the bilingual print edition have been incorrectly copied in this electronic publication. |
| 590 | |a10-13-Supp|b2010-11-23 |
| 690 | 07|aEnvironmental management|2gcpds |
| 690 | 07|aForeign affairs|2gcpds |
| 690 | 07|aTrade policy|2gcpds |
| 775 | 08|tAction 2003 : |w(CaOODSP)9.637887 |
| 776 | 0#|tAgenda 2003 : |w(CaOODSP)9.662471 |
| 776 | 0#|tAction 2003 : |w(CaOODSP)9.662472 |
| 856 | 40|ahttp://publications.gc.ca|qPDF|s1.09 MB|uhttps://publications.gc.ca/collections/Collection/E2-212-2001E.pdf |
| 856 | 40|ahttp://publications.gc.ca|qPDF|s425 KB|uhttps://publications.gc.ca/collections/Collection/E2-212-2001E-1.pdf |